000 00641cam a2200205 a 4500
001 000004608
005 20200929151453.0
008 760218s1981 sp 001 0 spa
020 _a8475682057
040 _aDO-SdBNP
_cFMFIU
_dDLC
082 _a899.9209
_bM623h, 1981
100 1 _aMichelena, Luis.
_913443
245 1 0 _aHistoria de la literatura vasca /
_cLuis Michelena.
250 _a2a ed.
260 _aZarautz :
_bErein,
_c[1981]?.
300 _a188, [1] p. ;
_c19 cm.
650 4 _aLiteratura vasca
_xHistoria y crítica
_913444
650 4 _aLiteratura española
_xHistoria y crítica
_93904
910 _aCatalogación por copia / LC
999 _c4416
_d4416